| 000 | 00890cam a2200325 4500 | ||
|---|---|---|---|
| 008 | 090401t1995 xxu||||| |||| 00| 0 eng d | ||
| 020 | _a0582102987 | ||
| 035 | _a(Sirsi) u19162 | ||
| 041 | _aeng | ||
| 050 | _a658.99 | ||
| 100 | _aPotts, Keith F. | ||
| 245 | _aMajor construction works: contractual and financial management | ||
| 260 |
_aHarlow _bLongman _c1995 |
||
| 300 | _axviii, 322p. ; 24cm. | ||
| 350 | _a19.99 | ||
| 650 | _aBUILDING FINANCE | ||
| 650 | _aCLAIMS | ||
| 650 |
_aCONSTRUCTION MANAGEMENT _96230 |
||
| 650 | _aCONSTRUCTION PROGRAMMING | ||
| 650 | _aFIDIC | ||
| 650 | _aICE CONDITIONS OF CONTRACT | ||
| 650 | _aJCT STANDARD FORM OF MANAGEMENT CONTRACT | ||
| 650 | _aMAJOR WORKS | ||
| 650 | _aNEW ENGINEERING CONTRACT | ||
| 650 | _aTENDERING | ||
| 690 | _aBUILT ENVIRONMENT | ||
| 700 | _aPatchell, Brendan | ||
| 942 | _n0 | ||
| 948 | _c04/03/1997 | ||
| 999 |
_c87654 _d87654 |
||